00477nam a2200157Ia 4500003000900000008004100009040001600050080001600066245009500082260003400177300001300211650004100224650001400265650001300279700002700292IN-BaIIA211028s9999 xx 000 0 eng d cIIA Library a524.83bTHE 0aTheories of the universecedited by Milton K. Munitz  aGlencoebThe Free Pressc1957 ax, 437p. aAstronomy and astrophysics thesaurus aCosmology aUniverse aMunitz, Milton K., ed.